Water resources and hydrology of southeastern Alabama. (Record no. 28439)

MARC details
000 -LEADER
fixed length control field 00915cam a22002651 4500
001 - CONTROL NUMBER
control field gs 50000058
003 - CONTROL NUMBER IDENTIFIER
control field DLC
005 - DATE AND TIME OF LATEST TRANSACTION
control field 20260227111356.0
008 - FIXED-LENGTH DATA ELEMENTS--GENERAL INFORMATION
fixed length control field 760811s1949 aluab 000 0 eng
010 ## - LIBRARY OF CONGRESS CONTROL NUMBER
LC control number gs 50000058
035 ## - SYSTEM CONTROL NUMBER
System control number (OCoLC)2365545
040 ## - CATALOGING SOURCE
Original cataloging agency DLC
Transcribing agency OAU
Modifying agency OCoLC
-- DLC
042 ## - AUTHENTICATION CODE
Authentication code premarc
050 00 - LIBRARY OF CONGRESS CALL NUMBER
Classification number GB1025.A2
Item number A55 1949
082 ## - DEWEY DECIMAL CLASSIFICATION NUMBER
Classification number 551.48
110 2# - MAIN ENTRY--CORPORATE NAME
Corporate name or jurisdiction name as entry element Geological Survey (U.S.)
245 00 - TITLE STATEMENT
Title Water resources and hydrology of southeastern Alabama.
Statement of responsibility, etc. Prepared by the U.S. Geological Survey in cooperation with the Geological Survey of Alabama.
260 ## - PUBLICATION, DISTRIBUTION, ETC.
Place of publication, distribution, etc. University,
Date of publication, distribution, etc. 1949.
300 ## - PHYSICAL DESCRIPTION
Extent xi, 265 p.
Other physical details illus., 2 fold. maps (in pocket)
Dimensions 23 cm.
490 1# - SERIES STATEMENT
Series statement Alabama. Geological Survey. Special report 20
504 ## - BIBLIOGRAPHY, ETC. NOTE
Bibliography, etc. note Bibliography: p. 265.
650 #0 - SUBJECT ADDED ENTRY--TOPICAL TERM
Topical term or geographic name entry element Water-supply
Geographic subdivision Alabama.
650 #0 - SUBJECT ADDED ENTRY--TOPICAL TERM
Topical term or geographic name entry element Groundwater
Geographic subdivision Alabama.
810 2# - SERIES ADDED ENTRY--CORPORATE NAME
Corporate name or jurisdiction name as entry element Geological Survey of Alabama.
Title of a work Special report ;
Volume/sequential designation 20.

No items available.

Powered by Koha